| 000 | 00490nam a2200193Ia 4500 | ||
|---|---|---|---|
| 005 | 20140312152440.0 | ||
| 008 | 140130s9999 xx 000 0 und d | ||
| 020 | _a0590673246 | ||
| 050 |
_aQL 76 _b.H355 1998 |
||
| 100 | _aHanna, Jack | ||
| 245 |
_cJack Hanna _aJungle Jack Hanna's What Zoo / |
||
| 260 |
_bScholastic, _c1998. _aNew York : |
||
| 300 |
_a1 v. (unpaged) : _bcol. ill. ; _c23 cm. |
||
| 440 | _v1 | ||
| 521 | _aG3 | ||
| 526 | _c570 | ||
| 942 |
_cBK _2lcc |
||
| 999 |
_c40685 _d40685 |
||